Central Library OPAC University of Rajshahi

The ecology of agricultural systems / (Record no. 67045)

MARC details
000 -LEADER
fixed length control field 00915nam a2200289 a 4500
001 - CONTROL NUMBER
control field 67045
003 - CONTROL NUMBER IDENTIFIER
rucl marc code BD-RjUL
005 - DATE AND TIME OF LATEST TRANSACTION
control field 20211209081617.0
008 - FIXED-LENGTH DATA ELEMENTS--GENERAL INFORMATION
fixed length control field 170322r19871982enka b 000 0 eng
020 ## - INTERNATIONAL STANDARD BOOK NUMBER
International Standard Book Number 0521231256
International Standard Book Number 0521298296 (pbk.)
035 ## - SYSTEM CONTROL NUMBER
System control number (BD-RjUL)67176
040 ## - CATALOGING SOURCE
Original cataloging agency DLC
Transcribing agency DLC
Modifying agency BD-RjUL
Language of cataloging eng
041 ## - LANGUAGE CODE
Language code of text/sound track or separate title eng
082 00 - DEWEY DECIMAL CLASSIFICATION NUMBER
Classification number 338.1
Edition number 23
Author mark and year BAE 1987
100 2# - MAIN ENTRY--PERSONAL NAME
Personal name Bayliss-Smith, Tim.
9 (RLIN) 198576
245 14 - TITLE STATEMENT
Title The ecology of agricultural systems /
Statement of responsibility, etc. T.P. Bayliss-Smith.
260 ## - PUBLICATION, DISTRIBUTION, ETC. (IMPRINT)
Place of publication, distribution, etc. New York :
Name of publisher, distributor, etc. Cambridge University Press,
Date of publication, distribution, etc. 1982 [ Reprinted 1987].
300 ## - PHYSICAL DESCRIPTION
Pagination 112 p. :
Illustrations ill. ;
Size 26 cm.
504 ## - BIBLIOGRAPHY, ETC. NOTE
Bibliography, etc Includes bibliography
650 #0 - SUBJECT ADDED ENTRY--TOPICAL TERM
Topical term or geographic name as entry element Agricultural systems
9 (RLIN) 198578
Topical term or geographic name as entry element Agricultural ecology.
9 (RLIN) 197649
830 ## - SERIES ADDED ENTRY--UNIFORM TITLE
Uniform title Cambridge topics in geography.
942 ## - ADDED ENTRY ELEMENTS (KOHA)
Source of classification or shelving scheme Dewey Decimal Classification
Koha item type Books
Holdings
Lost status Source of classification or shelving scheme Damaged status Not for loan Collection code Permanent Location Current Location Shelving location Date acquired Source of acquisition Total Checkouts Full call number Date last seen Copy number Koha item type
  Dewey Decimal Classification   Not For Loan Non-fiction Central Library, University of Rajshahi Central Library, University of Rajshahi Reading Room 29/06/1988 Asia Foundation   338.1 BAE 1987 22/03/2017 C-1 Books